| 000 | 00556nam a2200217 a 4500 | ||
|---|---|---|---|
| 001 | 0001-2075 | ||
| 003 | ELIB.Books | ||
| 008 | 190722 2010 eng | ||
| 020 | _a0664240526 | ||
| 092 |
_a286 _bHar |
||
| 100 | _aHarris, Maria | ||
| 245 | _aFashion Me a People | ||
| 260 |
_aLouisville _bWestminster John Knox Press _c1992 |
||
| 300 |
_a204 _c20cm |
||
| 650 | _aChristian Education | ||
| 856 |
_nKBTS Library _uKBTS Elib |
||
| 942 |
_2ddc _cBK |
||
| 990 | _a2 | ||
| 998 |
_aEnglishbooks.elf _ccat _e2019-07-22 |
||
| 999 |
_c12075 _d12075 |
||